| 000 | 01135pam a2200313 a 4500 | ||
|---|---|---|---|
| 001 | 3769872 | ||
| 003 | GBCCL | ||
| 005 | 20241126110347.0 | ||
| 008 | 831209s1984 miu b 001 0 eng | ||
| 010 | _a 83026020 | ||
| 020 | _a0310449510 (pbk.) | ||
| 040 |
_aDLC _cDLC _dDLC |
||
| 050 | 0 | 0 |
_aBT1102 _b.S586 1984 |
| 082 | 0 | 0 |
_a239 _219 _bSPR |
| 100 | 1 |
_aSproul, R. C. _q(Robert Charles), _d1939- _91291 |
|
| 245 | 1 | 0 |
_aClassical apologetics : _ba rational defense of the Christian faith and a critique of presuppositional apologetics / _cR.C. Sproul, John Gerstner, Arthur Lindsley. |
| 260 |
_aGrand Rapids, Mich. : _bZondervan, _cc1984. |
||
| 300 |
_ax, 364 p. ; _c22 cm. |
||
| 500 | _a"Academie books." | ||
| 504 | _aBibliography: p. 339-356. | ||
| 504 | _aIncludes index. | ||
| 650 | 0 |
_aApologetics. _985 |
|
| 650 | 0 |
_aNatural theology. _91292 |
|
| 700 | 1 |
_aGerstner, John H. _q(John Henry), _d1914-1996. _91293 |
|
| 700 | 1 |
_aLindsley, Arthur. _91294 |
|
| 856 | 4 | 2 |
_3Publisher description _uhttp://www.loc.gov/catdir/enhancements/fy0633/83026020-d.html |
| 906 |
_a7 _bcbc _corignew _d1 _eocip _f19 _gy-gencatlg |
||
| 942 |
_2ddc _cBK _07 |
||
| 999 |
_c847 _d847 |
||